Szczegóły MARC21

Zarządzanie ryzykiem operacyjnym w zapewnianiu ciągłości działania organizacji /

003 -Nazwa inst., której nr kontr. jest w polu 001 [,]
    • @
    • Nazwa instytucji, której n kontrolny jest w polu 001
    • NUKAT
005 -DATA I CZAS OSTATNIEJ MODYFIKACJI [,]
    • @
    • pole kontrolne
    • 20241231103117.0
020 -Międzynarod. znormalizowany nr książki - ISBN [ , ]
    • a
    • Numer ISBN
    • 9788363804121 Find
020 -Międzynarod. znormalizowany nr książki - ISBN [ , ]
    • a
    • Numer ISBN
    • 9788363804138 Find
    • q
    • Dopowiedzenie
    • e-book - PDF
020 -Międzynarod. znormalizowany nr książki - ISBN [ , ]
    • a
    • Numer ISBN
    • 9788363804145 Find
    • q
    • Dopowiedzenie
    • e-book - epub
020 -Międzynarod. znormalizowany nr książki - ISBN [ , ]
    • a
    • Numer ISBN
    • 9788363804152 Find
    • q
    • Dopowiedzenie
    • e-book - mobi
040 -Instytucja sporządzająca opis [ , ]
    • a
    • Instytucja, która sporządziła opis (NP)
    • POZN 004/MKA
    • c
    • Instytucja, która sporządziła rekord (NP)
    • POZN 004/MKA
    • d
    • Instytucja, która zmodyfikowała rekord (P)
    • WA U/DNs
942 -Rodzaj dokumentu [ , ]
    • c
    • Rodzaj dokumentu
    • Książka
100 -Hasło główne - nazwa osobowa [1, ]
    • a
    • Nazwa osobowa (NP)
    • Zawiła-Niedźwiecki, Janusz.
    • 9
    • KHW
    • 1178
245 -Strefa tytułu i oznaczenia odpowiedzialności [1,0]
    • a
    • Tytuł
    • Zarządzanie ryzykiem operacyjnym w zapewnianiu ciągłości działania organizacji / Find
    • c
    • Pozostałe elementy strefy tytułu i oznaczenia odpowiedzialności (NP)
    • Janusz Zawiła-Niedźwiecki.
260 -Strefa adresu wydawniczego [ , ]
    • a
    • Miejsce wydania (P)
    • Kraków ;
    • a
    • Miejsce wydania (P)
    • Warszawa :
    • b
    • Nazwa wydawcy (P)
    • Wydawnictwo edu-Libri,
    • c
    • Data wydania (P)
    • 2013.
300 -Strefa opisu fizycznego [ , ]
    • a
    • Określenie formy książki i/lub objętość (NP)
    • 178, [1] s. :
    • b
    • Oznaczenie ilustracji (NP)
    • il. ;
    • c
    • Format (NP)
    • 24 cm.
336 -Typ zawartości [ , ]
    • a
    • Termin opisujący typ zawartości
    • Tekst
    • b
    • Kod określający zawartość
    • txt
    • 2
    • Źródło (terminu i kodu)
    • rdacontent
337 -Typ mediów [ , ]
    • a
    • Tryb odtwarzania
    • Bez urządzenia pośredniczącego
    • b
    • Kod typu mediów
    • n
    • 2
    • Źródło (terminu i kodu)
    • rdamedia
338 -Typ/rodzaj nośnika [ , ]
    • a
    • Hasło opisujące typ nośnika
    • Wolumin
    • b
    • Kod typu nośnika
    • nc
    • 2
    • Źródło (terminu i kodu)
    • rdacarrier
500 -Uwaga ogólna [ , ]
    • a
    • Uwaga ogólna (NP)
    • U dołu okł.: Praca naukowa wskazująca miejsce triady "ryzyko operacyjne - bezpieczeństwo zasobowe - ciągłość działania" w dyscyplinie nauk o zarządzaniu.
504 -Uwaga dot. bibliogr. załącznikowej [ , ]
    • a
    • Uwaga dot. bibliografii załącznikowej
    • Bibliogr. s. 171-[179].
650 -Hasło przedmiotowe [ ,7]
    • a
    • Hasło przedmiotowe
    • Zarządzanie ryzykiem.
    • 2
    • Źródło terminu
    • kaba
    • 9
    • KHW
    • 137520
920 -ISBN [ , ]
    • a
    • ISBN
    • 978-83-63804-12-1 Find
920 -ISBN [ , ]
    • a
    • ISBN
    • 978-83-63804-13-8 Find
    • q
    • Dopowiedzenie
    • e-book - PDF
920 -ISBN [ , ]
    • a
    • ISBN
    • 978-83-63804-14-5 Find
    • q
    • Dopowiedzenie
    • e-book - epub
920 -ISBN [ , ]
    • a
    • ISBN
    • 978-83-63804-15-2 Find
    • q
    • Dopowiedzenie
    • e-book - mobi
Sygnatura Numer inwentarzowy Status udost. Lokalizacja Data inwentaryzacji
T.21623T.21623-2T2023-09-07
TM.16149TM.16149-3T2023-09-07
TM.16150TM.16150-3T2023-09-07
TM.16151TM.16151-3T2023-09-07